| 000 | 00493nam a22001817a 4500 | ||
|---|---|---|---|
| 999 |
_c9729 _d9729 |
||
| 003 | GBCCL | ||
| 005 | 20241126110717.0 | ||
| 008 | 230627b ||||| |||| 00| 0 eng d | ||
| 020 | _a1558193405 | ||
| 040 | _cgbc | ||
| 082 |
_a220.3 _bDOC |
||
| 100 |
_aDockrey, Karen _916904 |
||
| 245 |
_aHolman student Bible dictionary / _cKaren Dockrey, Johnnie & Phyllis Godwin |
||
| 260 |
_aNashville : _bHolman, _c1993 |
||
| 300 | _a254p. ; | ||
| 650 |
_aBible _vdictionary _911935 |
||
| 942 |
_2ddc _cREF |
||